|
|
|
|
| LEADER |
00000nam a22000007a 4500 |
| 005 |
20190919010336.0 |
| 007 |
cr|||| |||| |
| 008 |
190919s2019 et |||||s|||| 00||0 eng d |
| 020 |
|
|
|a 9786200117984
|
| 035 |
|
|
|a 29442
|
| 040 |
|
|
|a vLex
|
| 090 |
|
|
|c 9583
|d 9583
|
| 100 |
1 |
|
|a Tilahun, Manchilot
|
| 245 |
1 |
0 |
|a Tax compliance
|h [Recurso electrn̤ico] :
|b Determinants of Business Income Taxpayer's Compliance: Evidence from Bahir Dar City /
|c Manchilot Tilahun, Samuel Alemnew
|
| 256 |
|
|
|a Servicio en ln̕ea
|
| 260 |
|
|
|a Ads̕ Abeba:
|b Lambert Academic Publishing,
|c 2019
|
| 300 |
|
|
|a 1 recurso electrn̤ico
|
| 500 |
|
|
|a It is obvious that taxes are important source of government revenue in both developing and developed countries. But the amount of revenue to be generated by a government from taxes for its expenditure program depends, among other things, on the willingness of the taxpayers to comply with tax laws of a country. The book entitled “tax compliance” has tried to clear out what tax compliance is. Additionally, it has an empirical insight to its determinants. The determinants are classified as economic factors, social factors, institutional factors and individual factors. More over the importance of understanding tax compliance has been clearly discussed and as well methods of improving voluntary compliance are discussed. The methods that countries are using to boost up compliance are the carrot and stick approach and the responsible citizens approach.
|
| 506 |
1 |
|
|a Disponible solo en los productos indicados
|d vLex Global
|d vLex Global (Academic Edition, excluding Law Schools)
|d vLex Global (U.S. Academic Edition, Law Schools)
|d vLex Global (U.S. Academic Edition, excluding Law Schools)
|d vLex Global (Academic Edition, Law Schools)
|
| 650 |
0 |
4 |
|a Derecho Fiscal
|z Etiopa̕
|
| 700 |
1 |
|
|a Alemnew, Samuel
|
| 740 |
0 |
|
|a vLex Libros (Servicio en ln̕ea)
|
| 856 |
4 |
0 |
|u http://vlex.com/source/29442
|z Acceso restringido
|
| 942 |
|
|
|c BOOK
|
| 999 |
0 |
|
|a Tax Law
|